000 00434nam a2200157 i 4500
001 58432
003 ES-MaACL
007 t|
008 031022s1912 fr ||||1| fre d
100 1 _aDugas, L.
_9182644
245 1 2 _aL'éducation du caractère /
_cpar L. Dugas.
260 _aParis :
_bFélix Alcan,
_c1912 (
_eCoulommiers :
_fPaul Brodard)
300 _aXI, 258 p. ;
_c23 cm.
852 _aES-MaACL
_jB-6348
999 _c58432
_d58432